| 000 | 00458nam a2200193Ia 4500 | ||
|---|---|---|---|
| 008 | 240510s9999 xx 000 0 und d | ||
| 020 | _a0001572316217 | ||
| 041 | _aEng | ||
| 082 | _a005.1 | ||
| 082 | _bM11 | ||
| 100 | _aMCCONNELL S. | ||
| 245 | 0 | _aSOFTWARE PROJECT SURVIVAL GUIDE | |
| 260 | _bWASHINGTON : MS PRESS | ||
| 260 | _c1998 | ||
| 300 | _a288 p. | ||
| 650 | _aSOFTWARE ENGINEERING : SOFTWARE MANAGEMENT | ||
| 942 | _2ddc | ||
| 942 | _cRBK | ||
| 999 |
_c26565 _d26565 |
||
| 945 |
_a1 _bMadushi Gamage _c1 _dMadushi Gamage |
||